| 000 | 01059cam a2200325 a 4500 | ||
|---|---|---|---|
| 001 | 14898889 | ||
| 005 | 20170105102914.0 | ||
| 008 | 070621s2006 at ab 000 0 eng d | ||
| 010 | _a 2007405570 | ||
| 020 | _a1741044448 | ||
| 040 |
_aNCML _cNCML _dANL _dDLC |
||
| 042 | _alccopycat | ||
| 043 | _aas----- | ||
| 050 | 0 | 0 |
_aDS520.9 _b.S687 2006 |
| 082 | 0 | 4 |
_a915.90453 _222 |
| 245 | 0 | 0 |
_aSoutheast Asia on a shoestring / _cChina Williams ... [et al]. |
| 246 | 3 | 0 | _aSouth-East Asia on a shoestring |
| 246 | 3 | 0 | _aSouth East Asia on a shoestring |
| 250 | _a13th ed. | ||
| 260 |
_aHawthorn, Vic. : _bLonely Planet, _c2006. |
||
| 300 |
_a1004 p. : _bill., maps (some col.) ; _c20 cm. |
||
| 490 | 0 | _aLonely Planet | |
| 500 | _aIncludes index. | ||
| 500 | _a"Big trips on small budgets"--Cover. | ||
| 651 | 0 |
_aSoutheast Asia _vGuidebooks. |
|
| 700 | 1 | _aWilliams, China. | |
| 906 |
_a7 _bcbc _ccopycat _d3 _encip _f20 _gy-gencatlg |
||
| 942 |
_2ddc _cBK |
||
| 999 |
_c15257 _d15257 |
||